Southern European Capitals on a Map - Statistics

General Stats
  • This quiz has been taken 35 times
  • The average score is 13 of 16
Answers on the Map
Answers color-coded by a green-red scale on the quiz's map according to % correct below.
 
Answer Stats
Answer % Correct
Rome
91%
Athens
86%
Lisbon
86%
Madrid
86%
San Marino
82%
Sarajevo
82%
Valletta
82%
Vatican City
82%
Pristina
77%
Zagreb
77%
Andorra la Vella
73%
Belgrade
73%
Tirana
73%
Ljubljana
68%
Podgorica
68%
Skopje
68%
No matching quizzes found
Score Distribution
Percent of People with Each Score
Percentile by Number Answered
Your Score History
You have not taken this quiz